000 00648cam a2200145 4500500
005 20260208010232.0
041 _afre
042 _adc
100 1 0 _aRey, Pierre-Louis
_eauthor
245 0 0 _aJean-François Louette, Chiens de plume. Du cynisme dans la littérature française du xxe siècle . Chêne-Bourg (Suisse), Éditions la Baconnière, 2011. Un vol. de 312 p.
260 _c2016.
500 _a40
786 0 _nRevue d'histoire littéraire de la France | 116 | 4 | 2016-11-30 | p. 951zg-1024zg | 0035-2411
856 4 1 _uhttps://shs.cairn.info/revue-d-histoire-litteraire-de-la-france-2016-4-page-951zg?lang=fr&redirect-ssocas=7080
999 _c1655698
_d1655698